|
|
|
|
| LEADER |
00000nam a2200000 a 4500 |
| 001 |
UCM5114 |
| 003 |
CL-VaPUC |
| 008 |
020927e20020000SP |||||||||||||||||spa|d |
| 020 |
|
|
|a 8484322939
|
| 082 |
0 |
4 |
|a 523.1
|b HAW
|2 21
|
| 100 |
0 |
|
|a Hawking, Stephen W
|e author
|9 321623
|
| 245 |
1 |
3 |
|a El universo en una cáscara de nuez
|
| 250 |
|
|
|a 1a. ed
|
| 300 |
|
|
|a 216 p
|
| 942 |
|
|
|c BK
|
| 945 |
|
|
|d 20020927 00:00:00
|a cmena
|
| 260 |
|
|
|a Barcelona
|b Crítica
|c 2002
|
| 650 |
|
0 |
|a Universo
|9 266563
|
| 650 |
|
0 |
|a Física teórica
|9 345827
|
| 650 |
|
0 |
|a Teoría de la relatividad
|9 266149
|
| 650 |
|
0 |
|a Teoría cuántica
|9 266148
|
| 650 |
|
0 |
|a Cosmogonía
|9 268652
|
| 583 |
|
|
|a last modification
|c 20020927 00:00:00
|k Rodrigo Vera
|
| 999 |
|
|
|c 301397
|d 301395
|
| 952 |
|
|
|0 0
|1 0
|4 0
|6 523_100000000000000_HAW_2002
|7 0
|8 A
|9 360298
|a BIBCUR
|b BIBCUR
|d 2019-11-21
|i 3823318
|l 1
|o 523.1 HAW 2002
|p 3823318
|r 2025-04-22
|s 2025-03-19
|w 2019-11-21
|y BK
|k FIS
|
| 952 |
|
|
|0 0
|1 0
|4 0
|6 523_100000000000000_HAW_2002
|7 0
|8 A
|9 360299
|a BIBCUR
|b BIBCUR
|d 2019-11-21
|i 4194330
|o 523.1 HAW 2002
|p 4194330
|r 2025-04-22
|w 2019-11-21
|y BK
|k FIS
|
| 952 |
|
|
|0 0
|1 0
|4 0
|6 523_100000000000000_HAW_2002
|7 0
|8 A
|9 360300
|a BIBCUR
|b BIBCUR
|d 2019-11-21
|i 4564731
|l 2
|o 523.1 HAW 2002
|p 4564731
|r 2025-04-22
|s 2025-03-17
|w 2019-11-21
|y BK
|k FIS
|